แสดงรายละเอียดบรรณานุกรม
  กลับหน้าหลัก

Brief Record : Get Marc (ISO 2709) : E-mail record : QR code ปิดหน้าต่าง
LEADER 00000nama 2200000uu 4500
008    040531s2547 th m m a000 0 tha d
020    974-465-603-4
041    tha
050    วจ WY157 ภ185ก
100    ภรรวษา จันทศิลป์
245    รายงานการวิจัยเรือง การศึกษาความพึงพอใจของผู้คลอดต่อการปฏิบัติการพยาบาลของนักศึกษาพยาบาลศาสตรบัณฑิต(ต่อเนื่อง 2 ปี) ชั้นปีที่ 1รุ่นที่ 11 วิทยาลัยพยาบาลศรีมหาสารคาม
246    การปฏิบัติการพยาบาล - การคลอด การคลอด
260    มหาสารคาม วิทยาลัยพยาบาลศรีมหาสารคาม 2547
300    40 หน้า
650    นักศึกษาพยาบาลศาสตรบัณฑิต
รายการนี้ยังไม่มีแท็ก
คุณยังไม่ได้ล็อกอิน คุณสามารถมีกิจกรรมร่วมกับเว็บไซต์ได้ แต่ต้องล็อกอินก่อน ::
  ล็อกอิน
ลำดับที่ ประเภท เลขเรียก สถานที่ สถานะ
1. หนังสือทั่วไป
หนังสือทั่วไป
วจ WY157 ภ185ก 2547  
  
หนังสือทั่วไป On Shelf
  ขอยืม
   [แสดง 1/1 รายการ]

รายการใกล้เคียง
    ผู้แต่ง [ภรรวษา จันทศิลป์]

BibComment


ยังไม่เคยถูกคอมเมนท์

คอมเมนท์ทรัพยากรรายการนี้
  คอมเมนท์: รายงานการวิจัยเรื..
Bib 191263

 
 
 

 Union Library Management : ULibM
Copyright 2026. All Rights Reserved.
скачать бесплатно без регистрации порно красивый секс HD Sex Hindi sex

xxx gou

xxxx

bfxxx

xxxwww

Секса Видео

xxxx

Секса Видео

detube

geilexxx

C99 Shell

worms shell

blod xxx video
Ebony Coed Rihanna Rimes Takes A Dick In Her Young Twat priyaa indian fuck anal and pusssy hardcore indian women xxx desi hardcore fucking part 1 bengalixxxcouple